La navegación del Maule: Una vía de conexión con el exterior 1794-1898
保存先:
| 第一著者: | |
|---|---|
| フォーマット: | 図書 |
| 言語: | スペイン語 |
| 出版事項: |
Talca, Chile:
Editorial Universidad de Talca,
1996.
|
| シリーズ: | Serie Identidad Regional
|
| 主題: | |
| タグ: |
タグ追加
タグなし, このレコードへの初めてのタグを付けませんか!
|
MARC
| LEADER | 00000cam a2200000 a 4500 | ||
|---|---|---|---|
| 001 | UCT7249 | ||
| 003 | CL-VaPUC | ||
| 005 | 20241021170928.0 | ||
| 008 | 970117t19960000CL |||||||||||||||||spa|d | ||
| 999 | |c 255903 |d 255901 | ||
| 020 | |a 9567059187 | ||
| 040 | |c Pontificia Universidad Católica de Valparaíso | ||
| 082 | 0 | 4 | |a 983.37 MAI 1996 |2 21 |
| 100 | |a Maino Prado, Valeria |e autora |9 572530 | ||
| 245 | 1 | 3 | |a La navegación del Maule: |b Una vía de conexión con el exterior 1794-1898 |
| 260 | |a Talca, Chile: |b Editorial Universidad de Talca, |c 1996. | ||
| 300 | |a 273 páginas | ||
| 490 | 0 | |a Serie Identidad Regional | |
| 500 | |a c.2 Donación profesor Sr. Eduardo Cavieres. 05-08-2019 | ||
| 583 | |a last modification |c 20190809 09:04:27 |k Rodrigo Vera | ||
| 650 | 0 | |a Comercio internacional |2 CL-VaPUC |9 294980 |z Chile | |
| 650 | 0 | |a Transporte marítimo |z Talca |z Chile |9 260127 | |
| 650 | 0 | |a Historia de Chile |9 265473 |z Rio Maule |z Talca |y Siglos 18-19 | |
| 852 | |a BIBCUR | ||
| 942 | |c BK |2 ddc | ||
| 945 | |d 19970117 00:00:00 |a rbrito | ||
| 952 | |0 0 |1 0 |2 ddc |4 0 |6 983_370000000000000_MAI_1996 |7 0 |8 A |9 278376 |a BIBHIS |b BIBHIS |d 2019-11-19 |i 3282651 |o 983.37 MAI 1996 |p 3282651 |r 2025-01-20 |t 1 |w 2019-11-19 |y BK |k HIS | ||
| 952 | |0 0 |1 0 |2 ddc |3 erb |4 0 |6 983_370000000000000_MAI_1996 |7 0 |8 X |9 278377 |a FDOBUD |b FDOBUD |i 5594537 |o 983.37 MAI 1996 |p 5594537 |r 2019-11-19 |t 2 |w 2019-11-19 |y BK_X |z Catalogado en:20190809 |k BUD | ||